| 000 | 00470nam a22001697a 4500 | ||
|---|---|---|---|
| 008 | 230807b |||||||| |||| 00| 0 eng d | ||
| 040 |
_aNational Science Library _cNational Science Library |
||
| 080 | _a615.1(05) | ||
| 245 | _aAdvances in pharmaceutical sciences | ||
| 260 |
_aLondon: _bAcademic Press, _c1964 |
||
| 300 | _axi, 334p. | ||
| 500 | _aVol. 1 | ||
| 650 | _aScience | ||
| 653 | _aParticle-size analysis | ||
| 700 | _aBean, H S (Ed.) | ||
| 942 |
_2udc _cBK |
||
| 999 |
_c58279 _d58279 |
||